003450000a2200085000450024501210000004100140012170000320013510000310016777300610019810aModelación del desarrollo sostenible en sistemas agrícola-forestales del corregimiento de Aquitania, (Antioquia)0 aEspañol1 aBlandón M. , Luis Alberto1 aVargas Isaza, Olga Lucía1 tCrónica Forestal y del Medio Ambienteh11q59-76d1996